Laufey A Matter Of Time Tour setlist (EU/UK) - Statistics

General Stats
  • This quiz has been taken 9 times
  • The average score is 20 of 27
Answer Stats
Hint Answer % Correct
Act I Dreamer
100%
Act IV Tough Luck
100%
Act I Bewitched - String Quartet Edition
86%
Act III Carousel
86%
Act II (Jazz Set) Fragile (Jazz Version)
86%
Act IV From The Start
86%
Act I Lover Girl
86%
The Final Act Sabotage
86%
Act I Silver Lining
86%
Act II (Jazz Set) Valentine (Jazz Version)
86%
Act I Bored
71%
Act IV Castle In Hollywood
71%
Act I Falling Behind
71%
Act III Forget-Me-Not
71%
Act IV Goddess
71%
Encore How I Get
71%
Act II (Jazz Set) Seems Like Old Times
71%
Act IV Snow White
71%
Act I Too Little, Too Late
71%
Act I Clockwork
57%
Act III Cuckoo Ballet (Interlude)
57%
Encore Letter To My 13 Year Old Self
57%
Act II (Jazz Set) Let You Break My Heart Again
57%
Act IV Mr. Eclectic
57%
Act II (Jazz Set) Second Best (Jazz Version)
57%
Act II (Jazz Set) While You Were Sleeping (Jazz Version)
57%
Act IV Promise
43%
No matching quizzes found
Score Distribution
Percent of People with Each Score
Percentile by Number Answered
Your Score History
You have not taken this quiz